00818cam a2200265 a 4500001000500000005001700005020001500022020001800037020001500055040002300070050002400093082001400117100003500131245008900166260003700255300003700292490002900329505000700358520007500365521001900440521001900459650001900478650002400497700003100521231720250410154140.0 a0060094559 a9780060094584 a0060094575 aDLCcDLCdDLCbeng00aPZ7.C179bBitc 200400a813.62211 aCapucilli, Alyssa Satind1957-10aBiscuit wins a prize /cstory by Alyssa Satin Capucilli ; pictures by Pat Schories. aNew York :bHarperCollins,c2004 a24 pages :bIllustrationsc22 cm1 aMy first I can read book aD  aBiscuit, a small puppy, gets excited when he is entered in a pet show. a190 bLexile  aD bRaz-Plus  1aDogsvFiction. 1aPet showsvFiction.1 aSchories, Pateillustrator